Harvard business review on collaborating across silos

The series is designed to bring today's managers and professionals the fundamental information they need to stay competitive in a fast-moving world.

Shranjeno v:
Bibliografske podrobnosti
Format: Knjiga
Jezik:Undetermined
Izdano: Boston, MA Harvard Business School Pub. 2009
Teme:
Oznake: Označite
Brez oznak, prvi označite!
Thư viện lưu trữ: Trung tâm Học liệu Trường Đại học Cần Thơ
LEADER 00690nam a2200181Ia 4500
001 CTU_187090
008 210402s9999 xx 000 0 und d
082 |a 658.4022 
082 |b H339 
245 0 |a Harvard business review on collaborating across silos 
245 0 |c Harvard business review 
260 |a Boston, MA 
260 |b Harvard Business School Pub. 
260 |c 2009 
520 |a The series is designed to bring today's managers and professionals the fundamental information they need to stay competitive in a fast-moving world. 
650 |a Industrial management,Quản trị công nghiệp 
904 |i Giang 
980 |a Trung tâm Học liệu Trường Đại học Cần Thơ